Geograficzna zgadywanka - Statystyki

Ogólne statystyki
  • Ten quiz został rozwiązany 672 razy
  • Średni wynik to 11 z 16
Statystyki odpowiedzi
Liczba poprawnych odpowiedzi Kategoria Twoja odpowiedź % Poprawnych
15 Państwo powstałe po rozpadzie ZSRR Armenia, Azerbejdżan, Białoruś, Estonia, Gruzja, Kazachstan, Kirgistan, Litwa, Łotwa, Mołdawia, Rosja, Tadżykistan, Turkmenistan, Ukraina, Uzbekistan
99%
16 Land niemiecki Badenia-Wirtembergia, Bawaria, Berlin, Brandenburgia, Brema, Dolna Saksonia, Hamburg, Hesja, Meklemburgia-Pomorze Przednie, Nadrenia Północna-Wesfalia, Nadrenia-Palatynat, Saara, Saksonia, Saksonia-Anhalt, Szlezwik-Holsztyn, Turyngia
88%
12 Państwo Oceanii (bez Australii i Nowej Zelandii) Fidżi, Kiribati, Mikronezja, Nauru, Palau, Papua-Nowa Gwinea, Samoa, Tonga, Tuvalu, Vanuatu, Wyspy Marshalla, Wyspy Salomona
86%
10 Jedno z 10 największych miast Afryki Abidżan, Aleksandria, Chartum, Dar es Salaam, Johannesburg, Kair, Kinszasa, Lagos, Luanda, Nairobi
81%
9 Szczyt zaliczany do Korony Ziemii (wg Messnera i Hacketta) Aconcagua, Mont Blanc, Denali, Elbrus, Mount Everest, Kilimandżaro, Góra Kościuszki, Puncak Jaya, Vinson
80%
11 Jedna z 11 najdłuższych rzek w Rosji Ałdan, Amur, Dolna Tunguzka, Irtysz, Jenisej, Kołyma, Lena, Ob, Oleniuk, Wiluj, Wołga
79%
1 Państwo na literę O Oman
79%
2 Zwrotnik Koziorożca, Raka
74%
4 Stan USA graniczący z Meksykiem Arizona, Kalifornia, Nowy Meksyk, Teksas
69%
13 Stolica państwa karaibskiego Basseterre, Bridgetown, Castries, Hawana, Kingston, Kingstown, Nassau, Port-au-Prince, Port of Spain, Roseau, Santo Domingo, St. John's, St. George's
67%
3 Jedna ze stolic Republiki Południowej Afryki Bloemfontein, Kapsztad, Pretoria
51%
14 Terytorium zależne USA Baker, Guam, Howland, Jarvis, Johnston, Kingman, Mariany Północne, Midway, Navassa, Palmyra, Portoryko, Samoa Amerykańskie, Wake, Wyspy Dziewicze Stanów Zjednoczonych
50%
8 Stan lub terytorium Australii (bez Jervis Bay i terytoriów zewn.) Australia Południowa, Australia Zachodnia, Australijskie Terytorium Stołeczne, Nowa Południowa Walia, Queensland, Tasmania, Terytorium Północne, Wiktoria
40%
6 Jedno z 6 największych mórz świata Morze Arabskie, Morze Filipińskie, Morze Karaibskie, Morze Koralowe, Morze Południowochińskie, Morze Weddella
38%
5 Jedno z Wielkich Jezior (The Great Lakes) Erie, Górne, Huron, Michigan, Ontario
36%
7 Jedna z głównych Wysp Kanaryjskich El Hierro, Fuerteventura, Gran Canaria, La Gomera, Lanzarote, La Palma, Teneryfa
34%
Nie znaleziono quizów pasujących do podanych kryteriów
Rozkład punktacji
Procent ludzi z każdym wynikiem
Percentyl według liczby udzielonych odpowiedzi
Twoja historia wyników
Nie rozwiązałeś tego quizu